000 00834nas a2200277 4500
001 BR2010003069
003 BR-BrBNA
005 20231205114055.0
007 ta
008 230509b bl.|||p| |||| 00| 00por d
040 _aBR-BrBNA
_bpor
_cBiblioteca Nacional de Agricultura
041 _a(Pt)
072 _aF03
100 1 _aCastro, M.M.
100 1 _aGodoy, A.R.
100 1 _aCardoso, A.I.I.
245 1 _aQualidade de sementes de quiabeiro em função da idade e do repouso pós-colheita dos frutos
650 _aQUIABO
650 _aMATURAÇÃO
650 _aGERMINAÇÃO
650 _aSEMENTE
650 _aPÓS-COLHEITA
773 0 _tCiência e Agrotecnologia (Brazil)
_xISSN 1413-7054
_g(Sep-Oct 2008), v. 32(5) p. 1491-1495
_wBR2010003069
909 _a202311
_bLúcia
_c55
_dLúcia Elande
942 _2AGRIS
_n0
_cANA
999 _c206966
_d206966